Irrigation principles and practices. (Record no. 16220)

000 -LEADER
fixed length control field 00521cam a22001811 4500
040 ## - CATALOGING SOURCE
Transcribing agency OClU
082 ## - DEWEY DECIMAL CLASSIFICATION NUMBER
Classification number 631 WIL 1950 A105 Or.
100 1# - MAIN ENTRY--AUTHOR NAME
Personal name Israelsen, Orson Winso,
245 00 - TITLE STATEMENT
Title Irrigation principles and practices.
250 ## - EDITION STATEMENT
Edition statement 2d ed.
260 ## - PUBLICATION, DISTRIBUTION, ETC. (IMPRINT)
Place of publication New York,
Name of publisher Wiley
Year of publication [1950]
300 ## - PHYSICAL DESCRIPTION
Number of Pages xii, 405p.
Other physical details illus.,ports.,maps(1 fold.col.)
Dimensions 24cm.
490 0# - SERIES STATEMENT
Series statement The Wiley agricultural engineering series
500 ## - GENERAL NOTE
General note "References": p. 382-396.
650 #0 - SUBJECT ADDED ENTRY--TOPICAL TERM
Topical Term Irrigation.
650 #0 - SUBJECT ADDED ENTRY--TOPICAL TERM
Topical Term Irrigation farming.
942 ## - ADDED ENTRY ELEMENTS (KOHA)
Koha item type សៀវភៅភាសាអង់គ្លេស
952 ## - LOCATION AND ITEM INFORMATION (KOHA)
Withdrawn status [LOCAL, KOHA] 0
Holdings
Permanent Location Date acquired Koha item type Lost status Shelving location Barcode Current Location Full call number
Library Block A2018-01-24សៀវភៅភាសាអង់គ្លេស A105A24684Library Block A631 WIL 1950 A105 Or.
មជ្ឈមណ្ឌលឯការនៃសាកលវិទ្យាល័យភូមិន្ទកសិកម្មចំការដូង

Powered by Koha